| 000 | 00909nam a22002417a 4500 | ||
|---|---|---|---|
| 005 | 20090811145828.0 | ||
| 008 | 090811t xxu||||| |||| 00| 0 eng d | ||
| 010 | _aENG-94723 | ||
| 020 |
_a9788186208656 _c750.00 |
||
| 035 | _aEN-78256 | ||
| 037 | _bDBAD / PUB | ||
| 040 |
_adpl _bEnglish |
||
| 082 | _a341.23 | ||
| 100 | _aSharma, S.P. | ||
| 245 |
_aUnited Nnations Organisation: _bemerging scenario / _cby S.P. Sharma |
||
| 260 |
_aNew Delhi _bRaj Publications _c2009 |
||
| 270 |
_a108, 4855/2A, Ansari Road, Daryaganj, _bNew Delhi _e110002 |
||
| 300 |
_a335p. _c23cm(Hb) |
||
| 500 | _aIncludes bibliographical references and index | ||
| 650 | _aUnited Nations | ||
| 942 |
_2ddc _cEN _mSHA _h341.23 |
||
| 999 |
_c29137 _d29137 |
||